Proprietà di Monopoly - Statistics

Statistiche generali
  • Questo quiz è stato fatto 78 volte
  • Il punteggio medio è 14 su 28
Statistiche sulle risposte
Costo (€) Proprietà % Corretto
150 Vicolo Stretto
92%
150 Vicolo Corto
90%
1000 Parco della Vittoria
82%
480 Stazione Est
77%
480 Stazione Nord
77%
480 Stazione Ovest
77%
480 Stazione Sud
77%
900 Viale dei Giardini
66%
250 Bastioni Gran Sasso
61%
750 Via Roma
54%
450 Via Verdi
52%
550 Corso Magellano
51%
250 Viale Monterosa
48%
550 Via Marco Polo
48%
375 Società Elettrica
46%
700 Piazza Giulio Cesare
43%
350 Via Accademia
43%
800 Largo Augusto
41%
650 Viale Traiano
39%
400 Piazza Università
38%
500 Piazza Dante
36%
750 Corso Impero
34%
300 Viale Vesuvio
34%
380 Società Acqua Potabile
31%
350 Corso Ateneo
30%
450 Corso Raffaello
30%
600 Largo Colombo
30%
650 Viale Costantino
21%
Nessun quiz corrispondente trovato
Distribuzione punteggi
Percentuale di utenti per punteggio
Percentile per numero di risposta
I tuoi punteggi nel tempo
Non hai fatto questo quiz